[Event "Bad Woerishofen op"]
[Site "?"]
[Date "2000.??.??"]
[Round "9"]
[White "Schmidt, Volker"]
[Black "Stiepan, Hans-Michael"]
[Result "0-1"]
[WhiteElo "2001"]
[BlackElo "1644"]
[PlyCount "120"]
[EventDate "2000.??.??"]

1. d4 Nf6 2. g3 g6 3. Bg2 Bg7 4. Nf3 d6 5. O-O O-O 6. c4 c5 7. Nc3 Nc6 8. d5
Na5 9. Nd2 a6 10. a3 b6 11. Qc2 Bd7 12. b4 Nb7 13. e4 b5 14. e5 dxe5 15. d6 Rb8
16. cxb5 axb5 17. Bxb7 Rxb7 18. bxc5 exd6 19. cxd6 Bh3 20. Nde4 Bxf1 21. Kxf1
Qc8 22. Qd3 Qc4 23. Qxc4 bxc4 24. Nxf6+ Bxf6 25. Ne4 Bg7 26. Bd2 f5 27. Nc5 Ra7
28. Rc1 Rxa3 29. Rxc4 Rd8 30. d7 Ra7 31. Be3 Rdxd7 32. Nxd7 Rxd7 33. h4 Kf7 34.
Rc6 Bf6 35. Ke2 f4 36. Bd2 fxg3 37. fxg3 Be7 38. Ra6 Rd6 39. Ra7 Ke6 40. Bb4
Rd7 41. Ra6+ Kf5 42. Bd2 Kg4 43. Be1 Bd6 44. Ra4+ Kf5 45. g4+ Kf6 46. Kf3 h6
47. Ke4 Ke6 48. Bg3 Rb7 49. h5 gxh5 50. gxh5 Rb2 51. Ra8 Rb4+ 52. Kf3 e4+ 53.
Kg2 Rb2+ 54. Kh3 Rb3 55. Rg8 Rxg3+ 56. Rxg3 Bxg3 57. Kxg3 Kf5 58. Kf2 Kg5 59.
Ke3 Kxh5 60. Kxe4 Kg4 0-1

[Event "Bad Woerishofen op"]
[Site "?"]
[Date "2000.??.??"]
[Round "2"]
[White "Schmitt, Karl"]
[Black "Berchtold, Peter"]
[Result "1-0"]
[WhiteElo "1826"]
[BlackElo "1275"]
[PlyCount "101"]
[EventDate "2000.??.??"]

1. c4 e5 2. e3 c5 3. d4 cxd4 4. exd4 Qa5+ 5. Bd2 Bb4 6. d5 Qb6 7. Bxb4 Qxb4+ 8.
Qd2 Qc5 9. a3 d6 10. b4 Qc7 11. Nc3 a6 12. Be2 Nf6 13. Qg5 O-O 14. h4 h6 15.
Qd2 Nbd7 16. Bd3 Re8 17. Qc2 Nb6 18. Qb3 e4 19. Be2 e3 20. f3 Nh5 21. c5 dxc5
22. bxc5 Qxc5 23. Ne4 Qa5+ 24. Nc3 Nf4 25. Kf1 Nbxd5 26. Nxd5 Nxd5 27. Bc4 Qd2
28. Ne2 Be6 29. Rd1 Qa5 30. Bxd5 Bxd5 31. Rxd5 Qc7 32. g3 Rac8 33. Kg2 Qc2 34.
Qd3 Rc3 35. Qxc2 Rxc2 36. Re1 Rd2 37. Rc5 Red8 38. f4 R8d3 39. a4 Ra3 40. a5
Raa2 41. Kf3 Ra3 42. Re5 Rd6 43. Rb1 f6 44. Rc5 Rd7 45. Rbc1 Rd2 46. R1c3 Ra1
47. Rxe3 Rf1+ 48. Ke4 Ra2 49. Kf5 Rfa1 50. Kg6 Rxa5 51. Re8# 1-0

[Event "Bad Woerishofen op"]
[Site "?"]
[Date "2000.??.??"]
[Round "4"]
[White "Schmitt, Karl"]
[Black "Kjetsae, Johnny"]
[Result "1/2-1/2"]
[WhiteElo "1826"]
[BlackElo "2122"]
[PlyCount "42"]
[EventDate "2000.??.??"]

1. c4 Nf6 2. Nc3 g6 3. g3 Bg7 4. Bg2 O-O 5. Nf3 d6 6. d4 Nbd7 7. O-O e5 8. e4
exd4 9. Nxd4 Re8 10. h3 a6 11. Be3 Nc5 12. Qc2 c6 13. b4 Ne6 14. Rad1 Qc7 15.
c5 dxc5 16. Nxe6 Bxe6 17. bxc5 Bc4 18. Rfe1 Nd7 19. Na4 Be6 20. f4 f6 21. Kh2
Rad8 1/2-1/2

[Event "Bad Woerishofen op"]
[Site "?"]
[Date "2000.??.??"]
[Round "6"]
[White "Schmitt, Karl"]
[Black "Maahs, Erich"]
[Result "0-1"]
[WhiteElo "1826"]
[BlackElo "2205"]
[PlyCount "100"]
[EventDate "2000.??.??"]

1. c4 e5 2. e3 Nf6 3. Nc3 d5 4. cxd5 Nxd5 5. Qc2 Nb4 6. Qb1 g6 7. a3 N4c6 8. b4
Bg7 9. Bb2 Bf5 10. d3 O-O 11. Nf3 Nd7 12. Be2 a5 13. b5 Ne7 14. a4 Nc5 15. Ne4
Qd5 16. Nxc5 Qxc5 17. O-O Qd6 18. Ba3 Qd7 19. Ra2 Rfd8 20. Rd2 Nc8 21. Bb2 Qe7
22. Qa1 f6 23. Rc1 Rd7 24. Ba3 Qf7 25. Rdc2 Nb6 26. e4 Be6 27. d4 exd4 28. Nxd4
Bh6 29. Re1 Rad8 30. Nxe6 Qxe6 31. Bb2 Bg7 32. h3 h5 33. Bf1 Kh7 34. f4 Qb3 35.
Rec1 Qe3+ 36. Kh1 Qxf4 37. e5 Nd5 38. exf6 Bxf6 39. Bxf6 Nxf6 40. Rc4 Ne4 41.
Qa2 h4 42. Qc2 Ng3+ 43. Kg1 Qe3+ 44. Kh2 Qe7 45. Rg4 Qf6 46. Qc4 g5 47. Qc2+
Kh6 48. Bc4 Rd2 49. Qb3 Rxg2+ 50. Kxg2 Rd2+ 0-1

[Event "Bad Woerishofen op"]
[Site "?"]
[Date "2000.??.??"]
[Round "8"]
[White "Schmitt, Karl"]
[Black "Jakobi, Reik"]
[Result "1-0"]
[WhiteElo "1826"]
[BlackElo "1730"]
[PlyCount "149"]
[EventDate "2000.??.??"]

1. c4 b6 2. Nf3 Bb7 3. e3 c5 4. b3 Nf6 5. d4 cxd4 6. exd4 g6 7. Be2 Bg7 8. O-O
O-O 9. Bb2 e6 10. Nc3 d5 11. Ba3 Ne4 12. Rc1 Nxc3 13. Rxc3 Re8 14. cxd5 Qxd5
15. Rc7 Nd7 16. Bc4 Qa5 17. Rxb7 Qxa3 18. Rxd7 Qxa2 19. Qa1 Qxa1 20. Rxa1 a5
21. Rb7 Reb8 22. Rxb8+ Rxb8 23. Rc1 Rc8 24. Rc2 Rd8 25. Rd2 h6 26. d5 exd5 27.
Rxd5 Rxd5 28. Bxd5 b5 29. Bc6 b4 30. Nd2 Be5 31. Nc4 Bc7 32. Kf1 Kf8 33. g3 g5
34. Ke2 Ke7 35. Kf3 h5 36. Ke4 Kf6 37. f4 h4 38. gxh4 Bxf4 39. hxg5+ Kxg5 40.
h3 Bc7 41. Bd7 f6 42. Nd2 Kh4 43. Nf3+ Kh5 44. Kf5 Bd8 45. Be8+ Kh6 46. Nd4 Kh7
47. Nc6 Bb6 48. Kxf6 Kh6 49. Ne5 Bd4 50. Kf5 Kh7 51. Nc4 Kg7 52. Nxa5 Kf8 53.
Bh5 Bc3 54. Ke4 Ke7 55. Kd5 Kd7 56. Kc4 Kd6 57. Bf3 Be1 58. Nc6 Kc7 59. Nxb4
Kb6 60. Nd3 Bg3 61. Kd5 Kb5 62. Ke6 Bh4 63. Bd5 Bg3 64. Kf5 Bh4 65. Kg4 Bf6 66.
h4 Bd4 67. h5 Kb6 68. Kg5 Kc7 69. Kg6 Kd6 70. Bc4 Ke7 71. h6 Kf8 72. h7 Bc3 73.
b4 Bd4 74. b5 Ke7 75. b6 1-0

[Event "Bad Woerishofen op"]
[Site "Bad Woerishofen"]
[Date "2000.??.??"]
[Round "1"]
[White "Schmitzer, Peter"]
[Black "Epishin, Vladimir"]
[Result "1-0"]
[WhiteElo "2097"]
[BlackElo "2667"]
[PlyCount "97"]
[EventDate "1998.03.05"]
[Source "ChessBase"]
[SourceDate "1998.04.29"]

1. d4 Nf6 2. Bg5 e6 3. e4 h6 4. Bxf6 Qxf6 5. Nf3 g6 6. Bd3 Bg7 7. Nc3 d6 8. Qd2
O-O 9. h4 Nc6 10. Ne2 e5 11. d5 Nb8 12. h5 Nd7 13. O-O-O Nc5 14. hxg6 fxg6 15.
Rxh6 Nxd3+ 16. cxd3 Bxh6 17. Qxh6 Bg4 18. Rh1 Qg7 19. Qe3 Bxf3 20. gxf3 c6 21.
f4 cxd5 22. f5 Rf6 23. Rg1 Qh7 24. Kb1 Re8 25. Qg5 Kf7 26. fxg6+ Qxg6 27. Qh4
Qh6 28. Qg4 Rxf2 29. Nc3 dxe4 30. Nxe4 Rf6 31. Qd7+ Kf8 32. Nxf6 Qxf6 33. Qh7
Qf7 34. Qh6+ Ke7 35. Rg7 Rf8 36. Qg5+ Ke6 37. Rxf7 Rxf7 38. Kc2 a6 39. a4 Rf4
40. b3 Kd7 41. Kc3 a5 42. Qg7+ Kc6 43. Qe7 b6 44. Qe8+ Kc7 45. Qe7+ Kc6 46. Qd8
Rb4 47. Qc8+ Kd5 48. Kc2 Kd4 49. Qc6 1-0

[Event "Bad Woerishofen op"]
[Site "?"]
[Date "2000.??.??"]
[Round "3"]
[White "Schmitzer, Peter"]
[Black "Koeck, Birgit"]
[Result "1-0"]
[WhiteElo "2097"]
[BlackElo "1056"]
[PlyCount "53"]
[EventDate "2000.??.??"]

1. d4 d5 2. c4 c5 3. dxc5 e6 4. cxd5 exd5 5. Nf3 Bxc5 6. g3 Nc6 7. Bg2 Bg4 8.
O-O h5 9. Nc3 Bxf3 10. Bxf3 Nf6 11. Bg5 Qb6 12. Bxf6 gxf6 13. Nxd5 Qd8 14. Rc1
Bb6 15. Qa4 Bd4 16. e3 Bxb2 17. Rb1 Be5 18. Rxb7 Qc8 19. Nxf6+ Bxf6 20. Bxc6+
Kf8 21. Qb4+ Kg7 22. Bd5 h4 23. Bxf7 Kh6 24. Qf4+ Kh7 25. Qxf6 Qg4 26. Bh5+ Kg8
27. Qf7# 1-0

[Event "Bad Woerishofen op"]
[Site "?"]
[Date "2000.??.??"]
[Round "6"]
[White "Schmitzer, Peter"]
[Black "Braun, Peter"]
[Result "0-1"]
[WhiteElo "2097"]
[BlackElo "2268"]
[PlyCount "138"]
[EventDate "2000.??.??"]

1. d4 d5 2. c4 e6 3. Nf3 Nf6 4. e3 c6 5. a3 Bd6 6. Nc3 Nbd7 7. cxd5 exd5 8. Bd3
O-O 9. O-O Re8 10. Qc2 Nf8 11. e4 dxe4 12. Nxe4 Nxe4 13. Bxe4 h6 14. h3 Qf6 15.
Re1 Be6 16. Bd2 Nd7 17. Bc3 Qd8 18. Bd3 Nf6 19. Ne5 Nd5 20. Bh7+ Kh8 21. Bf5
Qf6 22. Bxe6 Rxe6 23. Ng4 Rxe1+ 24. Rxe1 Qf4 25. Re4 Qg5 26. Ne5 Bxe5 27. Rxe5
Qf6 28. Qe4 Kg8 29. Bd2 Rd8 30. g4 Qg6 31. Rf5 Nf6 32. Qf4 Kh7 33. f3 Rd5 34.
Rxd5 Nxd5 35. Qe4 Nf6 36. Qe3 Nd5 37. Qe4 Nf6 38. Qe3 Qc2 39. Bc3 Qd1+ 40. Kg2
Qc2+ 41. Kg3 Qd1 42. h4 Nd5 43. Qe1 Qxe1+ 44. Bxe1 Kg6 45. h5+ Kf6 46. Bd2 Ke6
47. Kf2 Nf6 48. Ke2 Kd5 49. Kd3 Nd7 50. Bb4 g6 51. Bd2 gxh5 52. gxh5 Nf6 53.
Bxh6 Nxh5 54. b3 b6 55. Bd2 Ng7 56. Bc3 Nf5 57. a4 a6 58. a5 bxa5 59. Bb2 Nd6
60. Ba3 Nb7 61. Be7 Ke6 62. Ba3 Kd5 63. Be7 f5 64. Kc3 Ke6 65. Bf8 Kd5 66. Be7
c5 67. dxc5 Nxc5 68. Bxc5 Kxc5 69. f4 Kb5 0-1

[Event "Bad Woerishofen op"]
[Site "?"]
[Date "2000.??.??"]
[Round "8"]
[White "Schmitzer, Peter"]
[Black "Lieb, Harald"]
[Result "1-0"]
[WhiteElo "2097"]
[BlackElo "2252"]
[PlyCount "172"]
[EventDate "2000.??.??"]

1. d4 Nf6 2. Bg5 c5 3. d5 d6 4. c3 Nbd7 5. g3 g6 6. Bg2 Bg7 7. e4 O-O 8. Ne2
Ne5 9. h3 Qb6 10. Qc2 Qxb2 11. Qxb2 Nd3+ 12. Kd2 Nxb2 13. Na3 h6 14. Be3 Na4
15. Rab1 b6 16. f4 Ba6 17. c4 Bc8 18. g4 Bd7 19. Bf3 Rab8 20. g5 Ne8 21. gxh6
Bxh6 22. h4 Bg7 23. h5 gxh5 24. Rxh5 f5 25. Rg5 fxe4 26. Bxe4 Nf6 27. Bc2 Ne8
28. Rbg1 Rf6 29. Ng3 Rh6 30. Nh5 Rxh5 31. Rxh5 Kf8 32. f5 Nf6 33. Rh4 Kf7 34.
Rgh1 a6 35. Bg5 Rg8 36. R1h2 Nb2 37. Re2 b5 38. Kc1 Nxc4 39. Nxc4 bxc4 40. Bxf6
Bxf6 41. Rh7+ Kf8 42. Re1 Rg2 43. Rf1 c3 44. Rhh1 Rd2 45. Rd1 Rxc2+ 46. Kxc2
Bxf5+ 47. Kb3 c2 48. Rd2 Kf7 49. Rxc2 Be4 50. Rd1 Bxc2+ 51. Kxc2 e6 52. Kb3 Bd4
53. Kc4 Be5 54. Rf1+ Ke7 55. Rf3 Bb2 56. Rb3 Bc1 57. Rh3 a5 58. Rh7+ Kf6 59.
Rd7 Bf4 60. Rd8 Ke7 61. Ra8 Bd2 62. dxe6 Kxe6 63. Re8+ Kd7 64. Re2 Bb4 65. Kd5
a4 66. Rh2 Kc7 67. Rh7+ Kb6 68. Rh6 c4 69. Kxc4 Bc5 70. Rh8 Kc6 71. Ra8 d5+ 72.
Kc3 a3 73. Kb3 Bd6 74. Rg8 Kd7 75. Ka4 Kc6 76. Rc8+ Kb6 77. Rc2 Bc5 78. Kb3 Kb5
79. Rg2 Kc6 80. Rg6+ Bd6 81. Ka4 Kd7 82. Kb5 Be5 83. Kc5 Bb2 84. Kxd5 Kc7 85.
Rh6 Kb7 86. Kc5 Bc1 1-0

[Event "Bad Woerishofen op"]
[Site "Bad Woerishofen"]
[Date "2000.??.??"]
[Round "2"]
[White "Schneider, Richard"]
[Black "Loginov, Valeri"]
[Result "1-0"]
[WhiteElo "2201"]
[BlackElo "2512"]
[PlyCount "77"]
[EventDate "1998.03.05"]
[Source "ChessBase"]
[SourceDate "1998.04.29"]

1. c4 g6 2. Nc3 Bg7 3. d4 Nf6 4. e4 d6 5. f3 O-O 6. Bg5 c5 7. d5 e6 8. Qd2 exd5
9. cxd5 a6 10. a4 h6 11. Be3 Re8 12. Bd3 Nh7 13. Nge2 Nd7 14. O-O Ne5 15. Kh1
Rb8 16. Rab1 Qa5 17. f4 Nxd3 18. Qxd3 b5 19. axb5 axb5 20. Ra1 Qb4 21. Bc1 Nf6
22. Ng3 c4 23. Qf3 Bg4 24. Qf2 Bc8 25. h3 Nd7 26. e5 dxe5 27. f5 g5 28. f6 Bf8
29. h4 e4 30. hxg5 Ne5 31. Ngxe4 Rb7 32. gxh6 Kh8 33. Qg3 Ng6 34. Ng5 Bd6 35.
Nxf7+ Rxf7 36. Qxg6 Ref8 37. Ra8 Rh7 38. f7 Be5 39. Bg5 1-0

[Event "Bad Woerishofen op"]
[Site "?"]
[Date "2000.??.??"]
[Round "4"]
[White "Schneider, Richard"]
[Black "Popp, Michael"]
[Result "1-0"]
[WhiteElo "2201"]
[BlackElo "1887"]
[PlyCount "75"]
[EventDate "2000.??.??"]

1. c4 g6 2. Nc3 Bg7 3. d4 d6 4. e4 e5 5. d5 a5 6. Be2 f5 7. f3 Bh6 8. Bxh6 Nxh6
9. Qd2 Nf7 10. O-O-O Qg5 11. Qxg5 Nxg5 12. h4 Nf7 13. g3 Na6 14. Nh3 Bd7 15.
Kd2 Nc5 16. Rdf1 O-O-O 17. Nf2 Rdf8 18. Nd3 Nxd3 19. Kxd3 Nh6 20. h5 g5 21.
exf5 Nxf5 22. Ne4 b6 23. f4 gxf4 24. gxf4 exf4 25. Rxf4 Nh6 26. Rhf1 Rf5 27.
Rxf5 Bxf5 28. Rxf5 Nxf5 29. Bg4 Rf8 30. Ng3 Kd8 31. Bxf5 Ke7 32. Ke3 h6 33. Kf4
Kf6 34. Bg6 Rb8 35. a4 Rg8 36. Nf5 Rxg6 37. hxg6 Kxg6 38. Nxh6 1-0

[Event "Bad Woerishofen op"]
[Site "?"]
[Date "2000.??.??"]
[Round "8"]
[White "Schneider, Richard"]
[Black "Kugelmann, Joachim"]
[Result "1/2-1/2"]
[WhiteElo "2201"]
[BlackElo "2001"]
[PlyCount "31"]
[EventDate "2000.??.??"]

1. c4 Nf6 2. Nc3 e5 3. Nf3 Nc6 4. e3 h6 5. d4 exd4 6. Nxd4 Bb4 7. Nxc6 bxc6 8.
Be2 O-O 9. O-O Rb8 10. Qc2 Re8 11. Rd1 d6 12. Bf3 Bg4 13. Ne2 Bxf3 14. gxf3 Bc5
15. Nd4 Qd7 16. Qf5 1/2-1/2

[Event "Bad Woerishofen op"]
[Site "Bad Woerishofen"]
[Date "2000.??.??"]
[Round "2"]
[White "Schnur, Gerhard"]
[Black "Tauber, Manfred"]
[Result "1/2-1/2"]
[WhiteElo "2111"]
[BlackElo "2283"]
[PlyCount "57"]
[EventDate "1998.03.05"]
[Source "ChessBase"]
[SourceDate "1998.04.29"]

1. d4 Nf6 2. c4 e6 3. Nc3 Bb4 4. Nf3 O-O 5. g3 d5 6. Bg2 dxc4 7. O-O Nbd7 8.
Qc2 Nb6 9. Rd1 c6 10. Bg5 h6 11. Bxf6 Qxf6 12. Ne5 Qd8 13. Ne4 Be7 14. Nxc4
Nxc4 15. Qxc4 Qb6 16. Qc2 a5 17. Rac1 a4 18. Nc5 a3 19. b3 Ra5 20. e3 e5 21.
Na4 Qa7 22. d5 cxd5 23. Rxd5 Rxd5 24. Bxd5 Bd7 25. Qe4 b5 26. Qxe5 Bf6 27. Qc7
Qxc7 28. Rxc7 Bf5 29. e4 1/2-1/2

[Event "Bad Woerishofen op"]
[Site "?"]
[Date "2000.??.??"]
[Round "4"]
[White "Schnur, Gerhard"]
[Black "Dittmar, Peter"]
[Result "1/2-1/2"]
[WhiteElo "2111"]
[BlackElo "2308"]
[PlyCount "78"]
[EventDate "2000.??.??"]

1. d4 c5 2. c3 e6 3. Nf3 Nf6 4. Bf4 b6 5. e3 Bb7 6. Bd3 Be7 7. h3 O-O 8. O-O d6
9. Re1 Nbd7 10. Nbd2 Qc7 11. e4 cxd4 12. cxd4 Rac8 13. Rc1 Qb8 14. Qe2 Rfe8 15.
Bb5 Rxc1 16. Rxc1 Rc8 17. Qd1 Nf8 18. Bd3 Ng6 19. Be3 e5 20. Rxc8+ Qxc8 21. Qc2
Qxc2 22. Bxc2 Bd8 23. g3 Bc7 24. d5 Nd7 25. b4 Ne7 26. Ne1 f5 27. f3 h6 28. Bd3
Nf6 29. Kg2 Kf8 30. a3 g5 31. Bf2 h5 32. Be3 f4 33. gxf4 exf4 34. Bd4 Kf7 35.
Be2 Ng6 36. Nd3 Nd7 37. b5 Nc5 38. Nb4 Ne5 39. Bxe5 dxe5 1/2-1/2

[Event "Bad Woerishofen op"]
[Site "?"]
[Date "2000.??.??"]
[Round "5"]
[White "Schnur, Gerhard"]
[Black "Deglmann, Ludwig"]
[Result "1/2-1/2"]
[WhiteElo "2110"]
[BlackElo "2330"]
[PlyCount "37"]
[EventDate "2000.??.??"]

1. d4 d6 2. c4 f5 3. g3 g6 4. Bg2 Nf6 5. Nf3 Bg7 6. O-O O-O 7. Nc3 Qe8 8. d5
Na6 9. Be3 c5 10. Rb1 Bd7 11. a3 b5 12. cxb5 Bxb5 13. Nxb5 Qxb5 14. b4 Ne4 15.
bxc5 Qa5 16. cxd6 exd6 17. Bd4 Qxd5 18. Bxg7 Qxd1 19. Rfxd1 1/2-1/2

[Event "Bad Woerishofen op"]
[Site "?"]
[Date "2000.??.??"]
[Round "7"]
[White "Schnur, Gerhard"]
[Black "Okrajek, Alexander"]
[Result "0-1"]
[WhiteElo "2111"]
[BlackElo "2289"]
[PlyCount "96"]
[EventDate "2000.??.??"]

1. d4 Nf6 2. c4 e6 3. Nc3 Bb4 4. Bd2 O-O 5. Nf3 c5 6. dxc5 Bxc5 7. e3 Nc6 8.
Be2 d5 9. O-O d4 10. exd4 Nxd4 11. Nxd4 Bxd4 12. Qc2 e5 13. Rad1 Qb6 14. Na4
Qc7 15. Bc3 Rd8 16. b3 Be6 17. Qb2 Bxc3 18. Nxc3 e4 19. Nb5 Qf4 20. g3 Qh6 21.
Nc7 Ng4 22. h4 Rac8 23. Nxe6 Qxe6 24. Rxd8+ Rxd8 25. Bxg4 Qxg4 26. Qe5 h6 27.
Re1 f5 28. h5 Kh7 29. Qf4 Rd1 30. Rxd1 Qxd1+ 31. Kg2 Qxh5 32. c5 Qg6 33. b4 Qe6
34. a4 a6 35. b5 axb5 36. axb5 Kg6 37. c6 bxc6 38. b6 Qd5 39. b7 e3+ 40. Qf3 e2
41. Qxd5 cxd5 42. b8=Q e1=Q 43. Qd6+ Kh7 44. Qxd5 Qe4+ 45. Qxe4 fxe4 46. Kh3 g5
47. f3 exf3 48. g4 h5 0-1

[Event "Bad Woerishofen op"]
[Site "Bad Woerishofen"]
[Date "2000.??.??"]
[Round "1"]
[White "Schoebel, Klaus"]
[Black "Pohlers, Juergen"]
[Result "0-1"]
[WhiteElo "1638"]
[BlackElo "2136"]
[PlyCount "88"]
[EventDate "1998.03.05"]
[Source "ChessBase"]
[SourceDate "1998.04.29"]

1. e4 c5 2. Nf3 Nc6 3. d4 cxd4 4. Nxd4 e5 5. Nb3 a5 6. a4 Nf6 7. Nc3 Bb4 8. Bc4
O-O 9. Bg5 h6 10. Bxf6 Qxf6 11. O-O Bxc3 12. bxc3 d6 13. Qd3 Be6 14. Rad1 Rfd8
15. Bd5 Bd7 16. Qg3 Ne7 17. Bxb7 Ra7 18. Bd5 Bxa4 19. f4 Rf8 20. fxe5 Qxe5 21.
Qf2 Nc8 22. Nd4 Bd7 23. c4 Kh8 24. Rd3 a4 25. Nb5 Bxb5 26. cxb5 Qb2 27. b6 Qxb6
28. Ra3 Qxf2+ 29. Rxf2 Nb6 30. c4 Nxd5 31. cxd5 Re8 32. Rf4 Rb8 33. Rff3 Rb4
34. Rfe3 f6 35. Kf2 Kh7 36. Kf3 Rab7 37. g4 Kg6 38. Kf4 Kf7 39. h4 g5+ 40. hxg5
hxg5+ 41. Kf3 Ke7 42. Rec3 Rb3 43. Re3 Rxa3 44. Rxa3 Rb3+ 0-1

[Event "Bad Woerishofen op"]
[Site "?"]
[Date "2000.??.??"]
[Round "3"]
[White "Schoebel, Klaus"]
[Black "Slacik, Johann"]
[Result "0-1"]
[WhiteElo "1638"]
[BlackElo "1778"]
[PlyCount "71"]
[EventDate "2000.??.??"]

1. e4 c5 2. Nf3 Nc6 3. d4 cxd4 4. Nxd4 Nf6 5. Nc3 e5 6. Nf3 Bb4 7. Bc4 O-O 8.
Bg5 h6 9. Bxf6 Qxf6 10. O-O Bxc3 11. bxc3 d6 12. Qd3 Be6 13. Bd5 Rac8 14. Rfd1
Rfd8 15. Qb5 Rc7 16. Qd3 Bg4 17. Kh1 Ne7 18. Bb3 Bxf3 19. gxf3 Ng6 20. Rg1 Nf4
21. Qe3 Rdc8 22. c4 b5 23. Rg3 bxc4 24. Ba4 Kf8 25. Rag1 g6 26. c3 Rb8 27. Rh3
h5 28. Rhg3 Rb2 29. Rd1 Re2 30. Qc1 Rb7 31. Qa3 Rb6 32. Bb5 h4 33. Bxc4 Rxf2
34. Qxa7 hxg3 35. Qxb6 g2+ 36. Kg1 0-1

[Event "Bad Woerishofen op"]
[Site "?"]
[Date "2000.??.??"]
[Round "6"]
[White "Schoebel, Klaus"]
[Black "Fries, Elisabeth"]
[Result "1-0"]
[WhiteElo "1638"]
[BlackElo "1417"]
[PlyCount "67"]
[EventDate "2000.??.??"]

1. e4 d5 2. exd5 Qxd5 3. Nc3 Qa5 4. d4 c6 5. Nf3 Nf6 6. Bc4 Bg4 7. O-O e6 8.
Qd3 Nbd7 9. Bf4 Be7 10. Ne5 Bf5 11. Qe2 Nxe5 12. dxe5 Nd7 13. Rad1 Rd8 14. Bd3
Bxd3 15. Rxd3 O-O 16. Qh5 Rfe8 17. Rh3 Nf8 18. Ne4 Rd4 19. f3 Red8 20. c3 Rd1
21. Bg5 Rxf1+ 22. Kxf1 Qb5+ 23. Kf2 Bc5+ 24. Kg3 Bd6 25. exd6 Qe5+ 26. f4 Qxe4
27. Bxd8 Qe3+ 28. Qf3 Qd2 29. Be7 Nd7 30. Qe4 h6 31. Kh4 Qf2+ 32. Rg3 Qc5 33.
Qd4 Qf5 34. Qxg7# 1-0

[Event "Bad Woerishofen op"]
[Site "?"]
[Date "2000.??.??"]
[Round "8"]
[White "Schoebel, Klaus"]
[Black "Schoenfisch, Rainer"]
[Result "0-1"]
[WhiteElo "1638"]
[BlackElo "1790"]
[PlyCount "112"]
[EventDate "2000.??.??"]

1. e4 e6 2. d4 d5 3. exd5 exd5 4. Bd3 Bd6 5. Nf3 Ne7 6. O-O O-O 7. Nc3 c6 8.
Ng5 Bf5 9. Bxf5 Nxf5 10. Qd3 g6 11. Qh3 h6 12. Nf3 h5 13. Bg5 Be7 14. Bf4 Bf6
15. Rad1 Re8 16. Rd2 Na6 17. a3 Nc7 18. Ne2 Ne6 19. g4 Nxf4 20. Nxf4 hxg4 21.
Qxg4 Kg7 22. Kh1 Rh8 23. Rg1 Nh4 24. Nxh4 Rxh4 25. Ne6+ fxe6 26. Qxg6+ Kf8 27.
Re2 Ke7 28. Rge1 Qg8 29. Qf5 Re4 30. Rxe4 dxe4 31. Rxe4 Rd8 32. Qc5+ Kf7 33.
Qxa7 Rd7 34. Qc5 Qg6 35. f3 Qf5 36. Qc3 c5 37. Qd2 Qxf3+ 38. Qg2 Qxg2+ 39. Kxg2
Bxd4 40. b3 Bb2 41. Rf4+ Kg6 42. a4 Rd2+ 43. Rf2 Rxf2+ 44. Kxf2 Kf5 45. Kf3 e5
46. h3 e4+ 47. Ke3 Bd4+ 48. Ke2 Kf4 49. h4 Kg4 50. h5 Kxh5 51. c3 Bg1 52. Kf1
Bh2 53. Ke2 Bf4 54. b4 cxb4 55. cxb4 Kg5 56. b5 b6 0-1

[Event "Bad Woerishofen op"]
[Site "Bad Woerishofen"]
[Date "2000.??.??"]
[Round "1"]
[White "Schoenfisch, Rainer"]
[Black "Keller, Manfred"]
[Result "1/2-1/2"]
[WhiteElo "1790"]
[BlackElo "2205"]
[PlyCount "91"]
[EventDate "1998.03.05"]
[Source "ChessBase"]
[SourceDate "1998.04.29"]

1. d4 Nf6 2. Nc3 c5 3. Nf3 cxd4 4. Nxd4 g6 5. g3 Bg7 6. Bg2 Nc6 7. O-O d5 8.
Nb3 O-O 9. Nxd5 Nxd5 10. Qxd5 Nb4 11. Qxd8 Rxd8 12. c3 Nc2 13. Rb1 Bf5 14. e4
Be6 15. Bf4 Bc4 16. Rfd1 e5 17. Be3 Nxe3 18. fxe3 Bh6 19. Kf2 Bd3 20. Rbc1 Rd6
21. Nc5 Rad8 22. Nxd3 Rxd3 23. Rxd3 Rxd3 24. Re1 Kf8 25. Bf3 Ke7 26. Bg2 a5 27.
Bf1 Rd2+ 28. Re2 Rd1 29. Re1 Rxe1 30. Kxe1 Bxe3 31. Ke2 Bc1 32. b3 Kd6 33. Kd3
Kc5 34. Bh3 b5 35. Bd7 b4 36. Be8 f5 37. c4 f4 38. gxf4 exf4 39. e5 f3 40. Bd7
Bg5 41. Bh3 Bf4 42. e6 Kd6 43. Ke4 Bxh2 44. Kxf3 Bg1 45. Kf4 h6 46. Ke4 1/2-1/2

[Event "Bad Woerishofen op"]
[Site "?"]
[Date "2000.??.??"]
[Round "3"]
[White "Schoenfisch, Rainer"]
[Black "Loos, Udo"]
[Result "0-1"]
[WhiteElo "1790"]
[BlackElo "2109"]
[PlyCount "38"]
[EventDate "2000.??.??"]

1. d4 d5 2. Bg5 Nf6 3. Nf3 e6 4. e3 Be7 5. c4 O-O 6. Nc3 Nbd7 7. Rc1 a6 8. Bd3
dxc4 9. Bxc4 b5 10. Bd3 c5 11. O-O Bb7 12. e4 cxd4 13. Nxd4 Ne5 14. Bb1 b4 15.
Bxf6 Bxf6 16. Na4 Rc8 17. Nc5 Ba8 18. f4 Qxd4+ 19. Qxd4 Nf3+ 0-1

[Event "Bad Woerishofen op"]
[Site "?"]
[Date "2000.??.??"]
[Round "5"]
[White "Schoenfisch, Rainer"]
[Black "Mossekel, Manfred"]
[Result "1/2-1/2"]
[WhiteElo "1790"]
[BlackElo "1657"]
[PlyCount "70"]
[EventDate "2000.??.??"]

1. d4 d5 2. c4 e6 3. Nc3 c6 4. Nf3 Bd6 5. Bg5 f6 6. Bh4 Ne7 7. e3 O-O 8. Bg3
Ng6 9. Qb3 Kh8 10. Bd3 f5 11. Bxd6 Qxd6 12. O-O-O dxc4 13. Bxc4 b5 14. Bd3 a5
15. h4 a4 16. Qc2 Na6 17. Qe2 Nb4 18. h5 Nxd3+ 19. Qxd3 Ne7 20. Ne5 b4 21. Nb1
Ba6 22. Nc4 Qc7 23. Nbd2 c5 24. Kb1 Nd5 25. Rc1 Rfb8 26. Rh4 Nc3+ 27. bxc3
bxc3+ 28. Ka1 cxd2 29. Qxd2 Bxc4 30. Rxc4 Qb7 31. Qc2 a3 32. Rh1 Qxg2 33. Rb1
Rxb1+ 34. Qxb1 cxd4 35. Rxd4 Qc6 1/2-1/2

[Event "Bad Woerishofen op"]
[Site "?"]
[Date "2000.??.??"]
[Round "7"]
[White "Schoenfisch, Rainer"]
[Black "Rostek, Bettina"]
[Result "0-1"]
[WhiteElo "1790"]
[BlackElo "1582"]
[PlyCount "93"]
[EventDate "2000.??.??"]

1. d4 e6 2. Nf3 d5 3. c4 c6 4. Nc3 Bb4 5. e3 Nf6 6. a3 Bxc3+ 7. bxc3 Ne4 8. Qc2
Nd7 9. Bd3 f5 10. O-O g5 11. Ne5 Nxe5 12. dxe5 h5 13. cxd5 cxd5 14. Rd1 g4 15.
c4 h4 16. cxd5 exd5 17. Bb5+ Kf7 18. Rxd5 Qe7 19. Bd3 Be6 20. Bxe4 Rac8 21. Qb1
fxe4 22. Rb5 Rhd8 23. Bb2 Rd2 24. Qxe4 Rcc2 25. Rxb7 Bd7 26. e6+ Qxe6 27. Qh7+
Ke8 28. Rb8+ Bc8 29. Qh8+ Kd7 30. Qg7+ Kc6 31. Rf1 g3 32. hxg3 hxg3 33. Qf6
Qxf6 34. Bxf6 gxf2+ 35. Kh2 Ba6 36. Rbb1 Bxf1 37. Rxf1 Re2 38. g3 Rxe3 39. a4
Ra3 40. Bd4 Rxa4 41. Bxf2 Raa2 42. Kg2 a5 43. g4 Kd6 44. Kg3 Rxf2 45. Rxf2 Rxf2
46. Kxf2 a4 47. Ke3 0-1

[Event "Bad Woerishofen op"]
[Site "?"]
[Date "2000.??.??"]
[Round "9"]
[White "Schoenfisch, Rainer"]
[Black "Holuba, Stefan"]
[Result "1-0"]
[WhiteElo "1790"]
[BlackElo "1740"]
[PlyCount "79"]
[EventDate "2000.??.??"]

1. d4 Nf6 2. Nc3 d5 3. Bg5 Bf5 4. Nf3 e6 5. e3 c5 6. Bd3 Bxd3 7. cxd3 Nc6 8.
Qa4 Rc8 9. O-O Qd7 10. dxc5 Bxc5 11. Rac1 Bb6 12. Rc2 Bd8 13. Rfc1 h6 14. Bf4
O-O 15. Nb5 Be7 16. b3 a6 17. Nbd4 b5 18. Qxa6 Nb4 19. Qxc8 Rxc8 20. Rxc8+ Bd8
21. R1c7 Qe8 22. Ra7 Kh7 23. Raa8 Qe7 24. Ne5 g5 25. Rxd8 gxf4 26. Rf8 fxe3 27.
fxe3 Kg7 28. Rxf7+ Qxf7 29. Nxf7 Kxf7 30. Ra7+ Kg6 31. Nxe6 Nxd3 32. Nf4+ Nxf4
33. exf4 Kf5 34. Rf7 b4 35. Kf2 Ke6 36. Rxf6+ Kxf6 37. Ke3 Kf5 38. g3 h5 39.
Kd4 Ke6 40. Kc5 1-0

[Event "Bad Woerishofen op"]
[Site "?"]
[Date "2000.??.??"]
[Round "2"]
[White "Schoenstein, Thomas"]
[Black "Jacob, Konrad"]
[Result "1-0"]
[WhiteElo "1750"]
[BlackElo "2051"]
[PlyCount "91"]
[EventDate "2000.??.??"]

1. d4 f5 2. Nc3 Nf6 3. g3 c6 4. Bg5 d5 5. e3 g6 6. Nf3 Bg7 7. Bg2 Be6 8. O-O
Nbd7 9. Bf4 Ne4 10. Qe2 O-O 11. Nxe4 fxe4 12. Ng5 Bf7 13. c4 e5 14. Nxf7 Rxf7
15. dxe5 Nxe5 16. Bxe5 Bxe5 17. cxd5 cxd5 18. Rfd1 Rd7 19. Qb5 Rd6 20. Rac1 a6
21. Qb3 Kh8 22. Qxb7 Rb8 23. Qf7 Rf6 24. Qxd5 Qxd5 25. Rxd5 Bxb2 26. Rcd1 Rbf8
27. R5d2 Bc3 28. Rc2 Ba5 29. Bxe4 Bb6 30. Rc6 Rxc6 31. Bxc6 Rd8 32. Rxd8+ Bxd8
33. f4 Kg7 34. Kf2 Kf6 35. Kf3 Bc7 36. Bd5 Bd8 37. e4 h6 38. e5+ Ke7 39. g4 Bc7
40. Ke4 a5 41. f5 gxf5+ 42. gxf5 Kd7 43. f6 Bd8 44. Kf5 Bb6 45. e6+ Ke8 46.
Bc6+ 1-0